000
00239nam a22000977a 4500
008
170126b xxu||||| |||| 00| 0 srb d
041
_a
srb
080
_a
61
245
_a
KLINICKA REPRODUKTIVNA ENDOKRINOLOGIJA
_c
PRELEVIC, G.M
942
_2
udc
_c
BK
999
_c
3770
_d
3770